Animes par images de personnages - Statistiques

Statistiques générales
  • Ce quiz a été pris 164 fois
  • Le résultat moyen est 10 sur 12
Statistiques - réponses
Par images Réponse % Correct
Dragon Ball
100%
Naruto
100%
Naruto
100%
One piece
99%
Death note
97%
Death note
97%
Demon slayer
97%
Bleach
93%
One punch Man
93%
Snk
79%
Neon Genesis Evangelion
15%
Samurai X
3%
Aucun quiz correspondant
Distribution des résultats
% des personnes avec chaque résultat
Percentile par nombre de réponses
Votre historique - résultats
Vous n’avez pas pris ce quiz